Statistics for Secessionist Movements by Flag - Oceania

Click here to take the quiz!

General Stats

  • This quiz has been taken 19 times
  • The average score is 10 of 20

Answer Stats

Answer% Correct
Hawaii
81%
Norfolk island
81%
Bougainville
75%
French Polynesia
75%
Guam
75%
New Caledonia
75%
West Papua
63%
Chuuk
56%
Easter Island
56%
Tasmania
50%
Victoria
50%
Western Australia
44%
Aboriginal Australians
38%
New Ireland
31%
Cook Islands
25%
Malaita
25%
Mo'orea
25%
South Island
25%
Vemerana
25%
Marquesas Islands
19%

Score Distribution

Percentile by Number Answered

Percent of People with Each Score

Your Score History

You have not taken this quiz